Il risentimento e il rimorso : uno studio psicoanalitico /

Gardado en:
Detalles Bibliográficos
Autor Principal: Kancyper, Luis (Author)
Formato: Libro
Idioma:Lingua italiana
Publicado: Milano : F. Angeli, °2003!
Series:Psicoanalisi contemporanea ; 16
Subjects:
Tags: Engadir etiqueta
Sen Etiquetas, Sexa o primeiro en etiquetar este rexistro!

MARC

LEADER 00000nam a2200000 i 4500
001 IT\ICCU\UBO\2334661
003 ItRI
005 20260115231915.0
008 031124s2003 it |||||| ||||| |||||c
015 |2 IT  |a 2004-6998 
020 |a 8846449231 
040 |b ita  |c importazione bologna sebina 
041 7 |a ita  |2 ISO-639-2 
082 |a 152.4  |9 EMOZIONI E SENTIMENTI  |2 21 
100 1 |a Kancyper, Luis  |0 IT\ICCU\UMCV\005787  |4 aut 
240 1 0 |a Resentimiento y remordimiento.  |3 IT\ICCU\CFI\0586247  |9 Kancyper, Luis 
245 1 3 |a Il risentimento e il rimorso :  |b uno studio psicoanalitico /  |c Luis Kancyper ; presentazione di Anna Ferruta. 
260 |a Milano :  |b F. Angeli,  |c °2003! 
300 |a 126 p. ;  |c 23 cm 
500 |a Trad. di Elisabetta Astori. 
650 7 |a Emozione  |x Psicanalisi  |2 scbi 
830 0 |a Psicoanalisi contemporanea ;  |v 16  |0 IT\ICCU\UBO\0309130 
942 |2 ddc  |c BK  |n 0 
952 |0 0  |1 0  |4 0  |6 DOC_152_400000000000000_KAN  |7 0  |9 16100  |a BO  |b BO  |d 2026-01-15  |i 11093  |l 0  |o DOC 152.4 KAN  |p BO11093  |r 2026-01-15 23:19:15  |w 2026-01-15  |x [Sebina 5] [1 v.]  |y BK  |z 1 v. 
999 |c 13840  |d 13840